| 000 | 00491nam a2200169 a 4500 | ||
|---|---|---|---|
| 001 | 000021769 | ||
| 005 | 20200930011436.0 | ||
| 008 | 100913s1985 dr 000 0 spa d | ||
| 040 |
_aDO-SdBNP _bspa _cBNPHU |
||
| 082 |
_axxx _bP592p |
||
| 100 | 1 |
_aPicharo, Teófilo A. _945235 |
|
| 245 | 1 | 3 |
_aEl pastor ante sus compromisos / _cTeófilo A. Pichardo. |
| 260 |
_aSanto Domingo : _bAlfa y Omega, _c1985. |
||
| 300 |
_a175 p. ; _c22 cm. |
||
| 504 | _aBibliografías : p. 173-175 | ||
| 049 | _aBNPD | ||
| 999 |
_c21268 _d21268 |
||